Statistics for top 10 nba pg of all time

Click here to take the quiz!

General Stats

  • This quiz has been taken 4 times
  • The average score is 3 of 10

Answer Stats

HintAnswer% Correct
1Westbrook
100%
2Magic
75%
9Stockton
75%
6Iverson
25%
4Payton
25%
7Rondo
25%
5Bogues
0%
10Fultz
0%
8Lin
0%
3Poole
0%

Score Distribution

Percentile by Number Answered

Percent of People with Each Score

Your Score History

You have not taken this quiz